Las aguas subterráneas : Informe del seminario en la utilización óptima de los recursos hidráulicos /

Seminario celebrado en Granada 18-23 de octubre de 1971.

Guardado en:
Autor Corporativo: Organización de las Naciones Unidas para la agricultura y la alimentación
Formato: Libro
Idioma:Spanish
Publicado: Roma : Organización de las Naciones Unidas para la agricultura y la alimentación, 1978.
Series:Estudio FAO: riego y drenaje, 18
Etiquetas: Agregar Etiqueta
Sin Etiquetas, Sea el primero en etiquetar este registro!
LEADER 00830nam a22001815a 4500
001 EUN.um068177
003 AR-BaUNS
005 20050623122932.0
008 041125s1978####it############000#0#spa#d
245 1 4 |a Las aguas subterráneas :  |b Informe del seminario en la utilización óptima de los recursos hidráulicos /  |c Organización de las Naciones Unidas para la agricultura y la alimentación. 
260 |a Roma :  |b Organización de las Naciones Unidas para la agricultura y la alimentación,  |c 1978. 
300 |a 297 p. 
490 0 |a Estudio FAO: riego y drenaje, 18 
520 |a Seminario celebrado en Granada 18-23 de octubre de 1971. 
020 |a 9253003901 
082 0 4 |a 631.7 
110 2 |a Organización de las Naciones Unidas para la agricultura y la alimentación  |c Roma. 
859 |a Ar-BaUNS  |b BIB. CENTRAL - Sector C  |h 631.7  |i Or14  |p 81558/979